| 000 | 00502nam a2200193 a 4500 | ||
|---|---|---|---|
| 003 | AR-BaBNM | ||
| 005 | 20251128203153.0 | ||
| 008 | 082120s2002 ||||||||||||||000 | spa|| | ||
| 040 | _cAR-BaBNM | ||
| 100 | 1 | _aBetti, Atilio | |
| 245 | 0 | 0 |
_aComedieta ; _bEl cuerpo y las águilas |
| 260 |
_aSan Fernando _bAteneo Popular Esteban Echeverría _c1976 |
||
| 300 | _a133 p. | ||
| 650 | 4 | _aLITERATURA CONTEMPORANEA | |
| 650 | 4 | _aTEATRO ARGENTINO | |
| 655 | _aLITERATURA | ||
| 942 | _cBK | ||
| 998 | _cCarmen | ||
| 999 |
_c2219 _d2219 |
||